Zdokonaľovanie legislatívy a jej vplyv na výsledky podnikov na Slovensku

Vývoj a výsledky reštrukturalizácie v malých a stredných podnikoch na Slovensku. Právne aspekty a ekonomické dôsledky klesajúcich podnikateľských subjektov - malých a stredných podnikov.

Na minha lista:
Detalhes bibliográficos
Autor principal: Šúbertová, Elena
Formato: Capítulo de Livro
Idioma:eslovaco
Assuntos:
Tags: Adicionar Tag
Sem tags, seja o primeiro a adicionar uma tag!

MARC

LEADER 00000nla a2200000 4500
001 0169749
005 20240522091445.1
041 0 |a slo 
044 |a CZ 
245 1 0 |a Zdokonaľovanie legislatívy a jej vplyv na výsledky podnikov na Slovensku  |c Elena Šúbertová 
520 |a Vývoj a výsledky reštrukturalizácie v malých a stredných podnikoch na Slovensku. Právne aspekty a ekonomické dôsledky klesajúcich podnikateľských subjektov - malých a stredných podnikov. 
610 2 0 |a Slovensko 
610 2 0 |a reštrukturalizácia 
610 2 0 |a reorganizácia 
610 2 0 |a podnik malý 
610 2 0 |a podnik stredný 
610 2 0 |a ukazovatele ekonomické 
100 1 |a Šúbertová, Elena